logo

Bir Sreshtho Munshi Abdur Rouf Library
Jhenaidah Cadet College

কবিকঙ্কণ-চণ্ডী / (Record no. 3959)

MARC details
000 -LEADER
fixed length control field 00916nam a2200241 a 4500
001 - CONTROL NUMBER
JCCL Control Number 3959
003 - CONTROL NUMBER IDENTIFIER
JCCL marc code BD-JhCC
005 - DATE AND TIME OF LATEST TRANSACTION
control field 20171120090820.0
008 - FIXED-LENGTH DATA ELEMENTS--GENERAL INFORMATION
fixed length control field 171120s1962 ii |||| ||a| 000 0 ben d
035 ## - SYSTEM CONTROL NUMBER
system control number (BD-JhCC)3959
040 ## - CATALOGING SOURCE
Original cataloging agency BD-JhCC
Modifying agency BD-JhCC
041 ## - LANGUAGE CODE
Language code of Book ben
082 ## - DEWEY DECIMAL CLASSIFICATION NUMBER
Classification number 891.4415
Author mark and Year MUK 1962
100 ## - MAIN ENTRY--PERSONAL NAME
Personal name মুকুন্দরাম- বিরচিত
245 ## - TITLE STATEMENT
Title কবিকঙ্কণ-চণ্ডী /
Statement of responsibility, etc মুকুন্দরাম- বিরচিত
260 ## - PUBLICATION, DISTRIBUTION, ETC. (IMPRINT)
Place of publication, distribution, etc কলিকাতা :
Name of publisher, distributor, etc কলিকাতা বিশ্ববিদ্যালয় প্রেস,
Date of publication, distribution, etc 1962
300 ## - PHYSICAL DESCRIPTION
Pagination 453 p. :
Dimensions 21 cm.
520 ## - SUMMARY, ETC.
Summary, etc hashmot
650 ## - SUBJECT ADDED ENTRY--TOPICAL TERM
Topical term or geographic name as entry element Bengali Novel
700 ## - ADDED ENTRY--PERSONAL NAME
Personal name বন্ধোপাধ্যায়, শ্রীকুমার সম্পাদিত
700 ## - ADDED ENTRY--PERSONAL NAME
Personal name চৌধুরী, শ্রীবিশ্বপতি সম্পাদিত
942 ## - ADDED ENTRY ELEMENTS (KOHA)
Source of classification or shelving scheme Dewey Decimal Classification
Koha item type Books
Holdings
Source of classification or shelving scheme volume number Damaged status Not for loan Home library Current library Shelving location Date of accession Cost, normal purchase price Total Checkouts Full call number Barcode Date last seen Copy number Koha item type
Dewey Decimal Classification V-1     JCC Rouf Library JCC Rouf Library General Stacks 11/20/2017 10.50   891.4415 MUK 1962 5442 11/20/2017 C- 1 Books

JCC Library | Contacts | JCC Home

Last Update on 23 September 2017
Copyright @ 2017-2020 JCC Rouf Library
Rouf Library, Jhenidah Cadet College (JCC), Bangladesh